000
00308nam a2200121Ia 4500
008
231120s2019 xx 000 0 und d
041
_a
eng
082
_a
751.4
100
_a
GIOVANNI CIVARDI
245
_a
DRAWING PORTRAITS: FACES AND FIGURES
260
_a
SEARCH PRESS
_b
SEARCH PRESS
_c
2019
300
_a
P-64
999
_c
933434
_d
933434